000 00750nam a2200289Ia 4500
005 20260324134717.0
008 008 260324s9999 xx 000 0 eng d
020 _a9781315187525
037 _aEBOOK
040 _aCRL
040 _beng
040 _cCRL
041 _2eng
041 _aeng
084 _qCRL
100 _aSen Wang; G. Cornelis van Kooten
_91197856
245 0 _aForestry and the New Institutional Economics
245 3 _bAn Application of Contract Theory to Forest Silvicultural Investment
260 _bTaylor and Francis
260 _c2001
365 _a
365 _b205
856 _uhttp://www.taylorfrancis.com/books/9781315187525
942 _cEBOOK
999 _c1798217
_d1798217